000 00357 a2200145 4500
082 _a529.
090 _c6165
_d6165
100 _aGoudsmit,Samuel A.
245 _aTime.
_bRobert Claiborne.
_cSamuel A.Goudsmit.
250 _a2nd.
260 _aHong Kong.
_bTime-Life Books.
_c1989.
300 _a200p.
500 _aHard cover.
942 _aNBS
_cBK
_k529 GOU
999 _c348541
_d348541